000 00693nam a2200193 i 4500
001 160302
003 ES-MaACL
005 20250522063048.0
008 981030s1898 fr ac |||| | fre d
040 _aCCPB | B
_bspa
_cCCPB | B
100 1 _aMozart, Wolfgang Amadeus,
_d1756-1791
_9240565
245 1 0 _aNouvelles lettres des dernières années de la vie de Mozart /
_ctraduites par Henri de Curzon.
260 _aParis :
_bFischbacher,
_c1898 (
_fImp. Th. Lombaerts)
300 _a86 p. ;
_c19 cm.
600 1 7 _aMozart, Wolfgang Amadeus,
_d1756-1791
_2embne
_9240565
700 1 _aCurzon, Henri de.
_942258
852 _aES-MaACL
_j1554-F-9
_z-- Rúst.
999 _c160302
_d160302